| 000 | 00989nam a22003017a 4500 | ||
|---|---|---|---|
| 003 | CHAP | ||
| 005 | 20220329134539.0 | ||
| 008 | 971013s1971 r 00010 d | ||
| 010 | _a21979 | ||
| 011 | _a22951 | ||
| 035 | _a27046 | ||
| 040 | _cCHAP | ||
| 090 | _aFolleto 9418 | ||
| 110 |
_aAssociation of Commonwealth Universities. London _98160 |
||
| 245 |
_aSchedule of postgraduate courses _b: in United Kingdom Universities 197 - 19 |
||
| 260 |
_aLondon : _bThe Association, _c197 - 19 |
||
| 300 | _av | ||
| 500 | _aLa biblioteca tiene: 1981-82 | ||
| 590 |
_aBATCH-UPD _b10 _c20130110 _lUCH01 _h2247 |
||
| 590 |
_aBATCH-UPD _b10 _c20130410 _lUCH01 _h1541 |
||
| 590 |
_aBATCH-UPD _b10 _c20130914 _lUCH01 _h1240 |
||
| 590 |
_aCONVERSION _b10 _c20130109 _lUCH01 _h1313 |
||
| 650 | 1 | 4 |
_aEducación agrícola _xGran Bretaña. _935521 |
| 650 | 1 | 4 |
_aEducación superior _xGran Bretaña. _935636 |
| 901 | _aBK | ||
| 942 | _cFOLL | ||
| 949 |
_bBC _cFOLL _d-62488 _eTS1 _gI.c/e _i27046 _mDir _si _t291.50 |
||
| 999 |
_c21979 _d21979 |
||